00455nam a2200133Ia 450000500170000000800410001708200230005824500990008126000280018030000120020850000500022070000230027070000280029320250307011915.0240331s9999 xx 000 0 und d bLAK24541a894.811 0aPayanapadatha Pathaikal :bKaadchi Vadiva Varalattu Payilarangil Penn Kalaijarkalin Pathivukal aMumbai,bSparrow c2001 a238 p., aLife and works of some famous female dancers. aSrinivasan, Aeedt aSivasubramaniam, Meedt